La sequoia dei viandanti /

Uloženo v:
Podrobná bibliografie
Hlavní autor: Segala, Fabio
Médium: Kniha
Jazyk:angličtina
Vydáno: Bologna : MedeaLibri, 2012
Tagy: Přidat tag
Žádné tagy, Buďte první, kdo vytvoří štítek k tomuto záznamu!

MARC

LEADER 00000nam a2200000 4500
003 NP
005 20260220114357.0
008 260220b |||||||| |||| 00| 0 eng d
020 |a 9788866101185 
040 |c NP 
100 |a Segala, Fabio 
245 |a La sequoia dei viandanti /  |c Fabio Segala 
260 |a Bologna :  |b MedeaLibri,  |c 2012 
942 |2 ddc  |c BK  |n 0 
952 |0 0  |1 0  |2 ddc  |4 0  |6 851_920000000000000_SEG_SEQ  |7 0  |9 33093  |a RO  |b RO  |d 2026-02-20  |l 0  |o 851.92 SEG SEQ  |p 11685  |r 2026-02-20 10:29:04  |w 2026-02-20  |y BK 
999 |c 28752  |d 28752